| 000 | 00748cam a2200229 a 4500 | ||
|---|---|---|---|
| 001 | 000003591 | ||
| 005 | 20200929150508.0 | ||
| 008 | 770301s1999 sp 001 f spa | ||
| 020 | _a8420422770 | ||
| 040 |
_aDO-SdBNP _cDLC _dDLC |
||
| 041 | 1 | 7 |
_aspa _heng _2Código de idioma MARC |
| 082 |
_a813.54 _bF263u |
||
| 100 | 1 |
_aFaulkner, William, _d1897-1962. _99781 |
|
| 245 | 1 | 0 |
_aUna fábula / _cWilliam Faulkner ; traductor, José Luis López Muñoz. |
| 260 |
_aMadrid : _bAlfaguara, _c1999. |
||
| 300 |
_a562 p. ; _c22 cm. |
||
| 534 | _aTítulo original: A fable | ||
| 650 | 4 |
_aNovela estadounidense _9262 |
|
| 650 | 4 |
_aLiteratura estadounidense _9263 |
|
| 700 | 1 |
_aLópez Muñoz, José Luis ; _etr. _911064 |
|
| 910 | _aCatalogación por copia / LC | ||
| 999 |
_c3415 _d3415 |
||